Countries with the Most Cats (Top 10) - Statistics

General Stats
  • This quiz has been taken 19 times
  • The average score is 9 of 10
Answer Stats
Hint Answer % Correct
12.5 million Brazil
100%
53 million China
100%
9.5 million France
93%
12.75 million Russia
93%
7.75 million United Kingdom
93%
76.5 million United States
93%
7.25 million Japan
87%
7.75 million Germany
80%
9.5 million Italy
80%
7.5 million Ukraine
47%
No matching quizzes found
Score Distribution
Percent of People with Each Score
Percentile by Number Answered
Your Score History
You have not taken this quiz